Consumer Focus response to Green Deal energy company obligation consultation (Record no. 113288)

MARC details
000 -LEADER
fixed length control field 01045cad a22002055a 4500
001 - CONTROL NUMBER
control field L155017
008 - FIXED-LENGTH DATA ELEMENTS--GENERAL INFORMATION
fixed length control field 120220s2012 xxk f 000 0 eng d
035 ## - SYSTEM CONTROL NUMBER
System control number (Sirsi) u155017
041 0# - LANGUAGE CODE
Language code of text/sound track or separate title eng
110 2# - MAIN ENTRY--CORPORATE NAME
Corporate name or jurisdiction name as entry element Consumer Focus
9 (RLIN) 5920
245 00 - TITLE STATEMENT
Title Consumer Focus response to Green Deal energy company obligation consultation
Medium [electronic resource]
260 ## - PUBLICATION, DISTRIBUTION, ETC.
Place of publication, distribution, etc. London
Name of publisher, distributor, etc. Consumer Focus
Date of publication, distribution, etc. 2012
520 ## - SUMMARY, ETC.
Summary, etc. Detailed response to the Energy Company Obligation (ECO) consultation. Comments that the proposals are not adequate for tackling fuel poverty or meeting carbon targets. Recommends a complementary national programme that provides adequate resources for meeting its statutory fuel poverty and carbon targets.
590 ## - LOCAL NOTE (RLIN)
Local note KA
651 #4 - SUBJECT ADDED ENTRY--GEOGRAPHIC NAME
Geographic name United Kingdom
Chronological subdivision
690 ## - LOCAL SUBJECT ADDED ENTRY--TOPICAL TERM (OCLC, RLIN)
Topical term or geographic name as entry element Energy
9 (RLIN) 6237
690 ## - LOCAL SUBJECT ADDED ENTRY--TOPICAL TERM (OCLC, RLIN)
Topical term or geographic name as entry element Sustainability
9 (RLIN) 6271
856 40 - ELECTRONIC LOCATION AND ACCESS
Uniform Resource Identifier <a href="https://www.consumerfocus.org.uk/files/2009/06/Consumer-Focus-response-to-Green-Deal-Energy-Company-Obligation-consultation.pdf">https://www.consumerfocus.org.uk/files/2009/06/Consumer-Focus-response-to-Green-Deal-Energy-Company-Obligation-consultation.pdf</a>
Public note View the response free of charge at www.consumerfocus.org.uk
942 ## - ADDED ENTRY ELEMENTS (KOHA)
Suppress in OPAC 0
Holdings
Withdrawn status Lost status Source of classification or shelving scheme Damaged status Not for loan Home library Current library Shelving location Date acquired Total Checkouts Full call number Barcode Date last seen Copy number Price effective from Koha item type
    Dewey Decimal Classification     Virtual Virtual Online 20/02/2012   ONLINE PUBLICATION 155017-2001 06/08/2019 1 06/08/2019 Book